[Event "NAYCC U10"]
[Site "Toronto CAN"]
[Date "2013.08.16"]
[Round "5"]
[White "Sivapathasundaram, Manojh"]
[Black "Zhang, Jason S"]
[Result "0-1"]
[WhiteElo "1253"]
[BlackElo "1605"]
[PlyCount "72"]
[GameId "2160767909258841"]
[EventDate "2013.08.14"]
[EventType "swiss"]
[EventRounds "9"]
[EventCountry "CAN"]
[SourceTitle "EXT 2022"]
[Source "ChessBase"]
[SourceDate "2021.10.06"]
[SourceVersion "1"]
[SourceVersionDate "2021.10.06"]
[SourceQuality "1"]

1. e4 c5 2. Nf3 e6 3. d4 cxd4 4. Nxd4 Nf6 5. Nc3 d6 6. Bc4 a6 7. Bg5 Qc7 8. Bb3 Be7 9. O-O O-O 10. Qe2 Nbd7 11. h3 b5 12. a3 Bb7 13. f3 h6 14. Be3 Rac8 15. Rad1 Nh5 16. Bf2 Rfd8 17. Bxe6 Nf4 18. Bxf7+ Kxf7 19. Qe3 Bg5 20. Qe1 Ne5 21. h4 Bf6 22. Bg3 Nfg6 23. Nd5 Bxd5 24. exd5 Qc5 25. Bf2 Qxd5 26. Nf5 Qe6 27. Nd4 Qe7 28. Nf5 Qc7 29. h5 Nf4 30. Qd2 Nh3+ 31. Kh2 Nxf2 32. Qd5+ Kf8 33. Rxf2 Qc5 34. Qxc5 dxc5 35. Re1 Rc6 36. f4 Ng4+ 0-1

[Event "NAYCC U10"]
[Site "Toronto CAN"]
[Date "2013.08.16"]
[Round "5"]
[White "Surya, Benito"]
[Black "Rajsic, William"]
[Result "1/2-1/2"]
[WhiteElo "1619"]
[BlackElo "1209"]
[PlyCount "101"]
[GameId "2160767909258842"]
[EventDate "2013.08.14"]
[EventType "swiss"]
[EventRounds "9"]
[EventCountry "CAN"]
[SourceTitle "EXT 2022"]
[Source "ChessBase"]
[SourceDate "2021.10.06"]
[SourceVersion "1"]
[SourceVersionDate "2021.10.06"]
[SourceQuality "1"]

1. e4 c5 2. c3 Nc6 3. d4 cxd4 4. cxd4 e6 5. Nf3 g6 6. Nc3 Bg7 7. Be3 d6 8. Bc4 Nf6 9. h3 O-O 10. O-O Qc7 11. Rc1 Bd7 12. Bd3 Rfe8 13. Qd2 a6 14. Rfd1 Rad8 15. Bb1 b5 16. a3 Qb7 17. b4 e5 18. d5 Ne7 19. Nh2 Nc8 20. Bd3 Nb6 21. Qe2 Rc8 22. Nb1 Na4 23. Rc2 Rxc2 24. Qxc2 Rc8 25. Qd2 Qc7 26. Rc1 Qxc1+ 27. Qxc1 Rxc1+ 28. Bxc1 Kf8 29. Kf1 Nh5 30. Ke2 Nf4+ 31. Bxf4 exf4 32. Kf3 g5 33. Ke2 Nb2 34. Nf1 Nxd3 35. Kxd3 g4 36. hxg4 Bxg4 37. f3 Bd7 38. Nbd2 f5 39. Nb3 fxe4+ 40. fxe4 Ke7 41. Nfd2 Bg4 42. Nf3 Bxf3 43. gxf3 Be5 44. Ke2 Kf6 45. Kf2 Kg5 46. Kg2 Kh4 47. Kh2 Kg5 48. Kh3 Kh5 49. Kg2 Bf6 50. Nd2 Bb2 51. Nb1 1/2-1/2

[Event "NAYCC U10"]
[Site "Toronto CAN"]
[Date "2013.08.16"]
[Round "5"]
[White "Tang, Daniel"]
[Black "Wang, Frank2"]
[Result "1-0"]
[WhiteElo "933"]
[BlackElo "1374"]
[PlyCount "69"]
[GameId "2160767909258843"]
[EventDate "2013.08.14"]
[EventType "swiss"]
[EventRounds "9"]
[EventCountry "CAN"]

1. e4 e5 2. Nf3 Nc6 3. Bc4 Bc5 4. Nc3 d6 5. d3 h6 6. Be3 Bb4 7. O-O Bxc3 8. bxc3 Bg4 9. h3 Bh5 10. d4 Nf6 11. Bd3 Qd7 12. d5 Ne7 13. Rb1 b6 14. Re1 O-O 15. Bc1 c6 16. c4 c5 17. Bf1 Qa4 18. Qd3 Qxa2 19. Bxh6 gxh6 20. Ra1 Qb2 21. Reb1 Qxb1 22. Rxb1 Rfb8 23. g4 Bg6 24. Nh4 Bxe4 25. Qd2 Bxc2 26. Qxc2 Nfxd5 27. cxd5 Nxd5 28. Bg2 Nb4 29. Rxb4 cxb4 30. Bxa8 Rxa8 31. Qe4 Rc8 32. Qxb4 Rb8 33. Qxd6 Re8 34. Nf5 b5 35. Qf6 1-0

[Event "NAYCC U10"]
[Site "Toronto CAN"]
[Date "2013.08.16"]
[Round "5"]
[White "Wang, Andrew B"]
[Black "Ruan, Colin"]
[Result "1-0"]
[WhiteElo "1745"]
[BlackElo "1186"]
[PlyCount "39"]
[GameId "2160767909258844"]
[EventDate "2013.08.14"]
[EventType "swiss"]
[EventRounds "9"]
[EventCountry "CAN"]
[SourceTitle "EXT 2022"]
[Source "ChessBase"]
[SourceDate "2021.10.06"]
[SourceVersion "1"]
[SourceVersionDate "2021.10.06"]
[SourceQuality "1"]

1. e4 c5 2. Nc3 Nc6 3. f4 d6 4. Nf3 Nf6 5. Bb5 g6 6. Bxc6+ bxc6 7. d3 Bg7 8. O-O O-O 9. Qe1 d5 10. Qh4 Qb6 11. Kh1 h5 12. f5 e6 13. e5 Nd7 14. f6 Bh8 15. g4 Qb4 16. d4 hxg4 17. Ng5 Nxf6 18. exf6 Rd8 19. Qh7+ Kf8 20. Qxh8# 1-0

[Event "NAYCC U10"]
[Site "Toronto CAN"]
[Date "2013.08.16"]
[Round "5"]
[White "Wong, Anthony G"]
[Black "Talukdar, Rohan"]
[Result "0-1"]
[WhiteElo "1482"]
[BlackElo "1651"]
[PlyCount "86"]
[GameId "2160767909258845"]
[EventDate "2013.08.14"]
[EventType "swiss"]
[EventRounds "9"]
[EventCountry "CAN"]
[SourceTitle "EXT 2022"]
[Source "ChessBase"]
[SourceDate "2021.10.06"]
[SourceVersion "1"]
[SourceVersionDate "2021.10.06"]
[SourceQuality "1"]

1. c4 e5 2. Nc3 d6 3. g3 f5 4. d3 Nf6 5. Bg2 c6 6. Nf3 Be7 7. O-O O-O 8. b4 Qc7 9. Qb3 Kh8 10. Bd2 Be6 11. Ng5 Bg8 12. Qb2 h6 13. Nf3 Nbd7 14. Rfc1 Rab8 15. a4 b6 16. Qc2 Nh5 17. e3 g5 18. h3 Bh7 19. e4 f4 20. g4 Ng7 21. Qd1 Ne6 22. a5 bxa5 23. bxa5 Ndc5 24. Rcb1 Nxd3 25. Qc2 Ndc5 26. Ne1 Nd4 27. Qd1 Bg8 28. Bf1 Bh7 29. Bg2 Ndb3 30. Ra3 Nxd2 31. Rxb8 Rxb8 32. Qxd2 Rb3 33. Rxb3 Nxb3 34. Qa2 Nxa5 35. f3 Bg8 36. Bf1 Qb6+ 37. Kg2 Qb4 38. Qa1 Bd8 39. Nc2 Qb3 40. Ne1 Bxc4 41. Bxc4 Qxc4 42. Kh1 Bb6 43. Kh2 Qd4 0-1

[Event "NAYCC U10"]
[Site "Toronto CAN"]
[Date "2013.08.16"]
[Round "5"]
[White "Yu, Ryan"]
[Black "Liu, Bowser"]
[Result "1-0"]
[WhiteElo "802"]
[BlackElo "736"]
[PlyCount "61"]
[GameId "2160767909258847"]
[EventDate "2013.08.14"]
[EventType "swiss"]
[EventRounds "9"]
[EventCountry "CAN"]
[SourceTitle "EXT 2022"]
[Source "ChessBase"]
[SourceDate "2021.10.06"]
[SourceVersion "1"]
[SourceVersionDate "2021.10.06"]
[SourceQuality "1"]

1. e4 e5 2. Nf3 Nc6 3. Bc4 Nf6 4. Nc3 Bc5 5. O-O O-O 6. h3 h6 7. d3 d6 8. a3 b6 9. b4 Bd4 10. Nxd4 Nxd4 11. Be3 Bd7 12. Bxd4 exd4 13. Nd5 Nxd5 14. exd5 Qc8 15. Qf3 b5 16. Bb3 Qb7 17. a4 a6 18. axb5 axb5 19. Rxa8 Qxa8 20. Rc1 Qa7 21. Qd1 Re8 22. Ra1 c5 23. Rxa7 Bf5 24. Qf3 Bg6 25. h4 Re1+ 26. Kh2 Rb1 27. h5 Bf5 28. Qxf5 f6 29. Qc8+ Kh7 30. Qf8 f5 31. Rxg7# 1-0

[Event "NAYCC U10"]
[Site "Toronto CAN"]
[Date "2013.08.16"]
[Round "5"]
[White "Zeng, Leo"]
[Black "Mocanu, Alexander"]
[Result "1-0"]
[WhiteElo "1002"]
[BlackElo "884"]
[PlyCount "91"]
[GameId "2160767909258848"]
[EventDate "2013.08.14"]
[EventType "swiss"]
[EventRounds "9"]
[EventCountry "CAN"]
[SourceTitle "EXT 2022"]
[Source "ChessBase"]
[SourceDate "2021.10.06"]
[SourceVersion "1"]
[SourceVersionDate "2021.10.06"]
[SourceQuality "1"]

1. e4 e5 2. Nf3 d6 3. g3 Nc6 4. Bg2 Nf6 5. d3 Be7 6. c4 Bd7 7. Nc3 O-O 8. Nd5 Nxd5 9. cxd5 Nb8 10. O-O c6 11. b4 a5 12. bxa5 cxd5 13. exd5 Rxa5 14. Nd2 Na6 15. Nb3 Ba4 16. Bd2 Rc5 17. Qg4 Bxb3 18. axb3 Bf6 19. Be4 g6 20. Bh6 Re8 21. h4 Qc8 22. Qf3 Bd8 23. h5 f5 24. Be3 fxe4 25. dxe4 Rc7 26. hxg6 hxg6 27. Kg2 Rf8 28. Qe2 Nc5 29. b4 Nd7 30. Rh1 Kg7 31. Bh6+ Kf7 32. Bxf8 Kxf8 33. Rh8+ Kg7 34. Rh2 Rc2 35. Qf3 Rc3 36. Qd1 Qc4 37. Qg4 Nf6 38. Qe6 Qxe4+ 39. Kh3 Qf4 40. Kg2 Qe4+ 41. Kh3 Qxb4 42. Rah1 Qe4 43. Ra1 Nxd5 44. Qd7+ Kf6 45. Qxd8+ Ne7 46. Qxd6+ 1-0

[Event "NAYCC U10"]
[Site "Toronto CAN"]
[Date "2013.08.16"]
[Round "5"]
[White "Zhang, Henry"]
[Black "Demers, Alexis"]
[Result "0-1"]
[WhiteElo "1414"]
[BlackElo "1181"]
[PlyCount "128"]
[GameId "2160767909258849"]
[EventDate "2013.08.14"]
[EventType "swiss"]
[EventRounds "9"]
[EventCountry "CAN"]
[SourceTitle "EXT 2022"]
[Source "ChessBase"]
[SourceDate "2021.10.06"]
[SourceVersion "1"]
[SourceVersionDate "2021.10.06"]
[SourceQuality "1"]

1. e4 c5 2. Nf3 d6 3. d4 cxd4 4. Nxd4 Nf6 5. Nc3 g6 6. Be3 Bg7 7. f3 Nc6 8. Qd2 O-O 9. O-O-O d5 10. Nxc6 bxc6 11. exd5 Nxd5 12. Nxd5 cxd5 13. Qxd5 Qc7 14. Qc4 Qb7 15. c3 h5 16. Bf4 Bf5 17. Qa6 Qb6 18. Qxb6 axb6 19. Bc4 Rfc8 20. Bb3 b5 21. Bd5 Ra7 22. Be3 Rac7 23. Bb6 Bh6+ 24. Rd2 Bxd2+ 25. Kxd2 Rd7 26. Bd4 Rxd5 27. Re1 e6 28. h3 Rcd8 29. g4 e5 30. gxf5 exd4 31. fxg6 dxc3+ 32. Kxc3 fxg6 33. Re3 Rc8+ 34. Kb3 Kf7 35. Rc3 Rxc3+ 36. Kxc3 Rf5 37. Kb4 Rxf3 38. Kxb5 Rf2 39. a4 Rxb2+ 40. Ka6 Ra2 41. a5 Kf6 42. Kb6 Rxa5 43. Kxa5 Kf5 44. Kb4 Kf4 45. Kc3 Kg3 46. Kd3 Kxh3 47. Ke2 Kg2 48. Ke3 h4 49. Kf4 h3 50. Kg5 h2 51. Kxg6 h1=Q 52. Kf5 Qf1+ 53. Ke4 Qf6 54. Kd3 Qf4 55. Kc3 Qe4 56. Kb3 Qd4 57. Kc2 Kf3 58. Kb1 Qf2 59. Kc1 Ke3 60. Kd1 Kd3 61. Kc1 Kc3 62. Kb1 Qe1+ 63. Ka2 Qd2+ 64. Kb1 Qb2# 0-1

[Event "NAYCC U10"]
[Site "Toronto CAN"]
[Date "2013.08.16"]
[Round "5"]
[White "Zheng, Ethan"]
[Black "Landa, Tamir"]
[Result "1-0"]
[WhiteElo "1237"]
[BlackElo "833"]
[PlyCount "105"]
[GameId "2160767909258850"]
[EventDate "2013.08.14"]
[EventType "swiss"]
[EventRounds "9"]
[EventCountry "CAN"]
[SourceTitle "EXT 2022"]
[Source "ChessBase"]
[SourceDate "2021.10.06"]
[SourceVersion "1"]
[SourceVersionDate "2021.10.06"]
[SourceQuality "1"]

1. d4 Nf6 2. c4 g6 3. Nc3 Bg7 4. e4 d6 5. Nf3 Bg4 6. h3 Bxf3 7. Qxf3 Nbd7 8. Be2 e5 9. dxe5 Nxe5 10. Qe3 c6 11. f4 Ned7 12. O-O O-O 13. Bd2 Re8 14. Rad1 Qc7 15. Bf3 a5 16. Qe1 Nc5 17. b3 Qb6 18. Be3 Nfd7 19. Rxd6 Qc7 20. Rd1 Re7 21. Qf2 b6 22. Qd2 Rae8 23. e5 Nxe5 24. fxe5 Qxe5 25. Bd4 Qc7 26. Bxg7 Kxg7 27. Qd6 Rd7 28. Qxc7 Rxc7 29. Rfe1 Rec8 30. Ne4 Ne6 31. Kf2 f5 32. Nd6 Ng5 33. Nxc8 Nxf3 34. Kxf3 Rxc8 35. Re7+ Kf6 36. Rxh7 Ke5 37. Re7+ Kf6 38. Rb7 b5 39. Rdd7 bxc4 40. bxc4 Re8 41. Rdc7 Re6 42. Rb6 a4 43. Rcxc6 Rxc6 44. Rxc6+ Ke5 45. Rxg6 Kd4 46. h4 Kxc4 47. h5 Kc3 48. h6 Kb2 49. h7 Kxa2 50. h8=Q Kb3 51. Qb8+ Kc3 52. Rc6+ Kd4 53. Qd6# 1-0

[Event "NAYCC U10"]
[Site "Toronto CAN"]
[Date "2013.08.16"]
[Round "5"]
[White "Zheng, Victor"]
[Black "Yang, Kai Wen"]
[Result "1-0"]
[WhiteElo "1016"]
[BlackElo "863"]
[PlyCount "89"]
[GameId "2160767909258851"]
[EventDate "2013.08.14"]
[EventType "swiss"]
[EventRounds "9"]
[EventCountry "CAN"]
[SourceTitle "EXT 2022"]
[Source "ChessBase"]
[SourceDate "2021.10.06"]
[SourceVersion "1"]
[SourceVersionDate "2021.10.06"]
[SourceQuality "1"]

1. d4 Nf6 2. c4 c5 3. e3 e6 4. Nc3 d5 5. Nf3 cxd4 6. exd4 Bb4 7. Bg5 h6 8. Be3 Ne4 9. Qb3 Qa5 10. Rc1 Bd7 11. a3 Ba4 12. Qxb4 Qxb4 13. axb4 Nxc3 14. bxc3 O-O 15. cxd5 exd5 16. Bd3 Bb3 17. O-O Bc4 18. Bxc4 dxc4 19. Ne5 b5 20. Ra1 f6 21. Ng6 Re8 22. h3 Kh7 23. Nf4 Nc6 24. Nd5 Rac8 25. Kh2 Red8 26. Nf4 Rd6 27. Rfd1 Re8 28. d5 Ne5 29. Rxa7 Red8 30. Ne6 R8d7 31. Nf8+ Kg8 32. Nxd7 Rxd7 33. Rxd7 Nxd7 34. Bc5 Kf7 35. Re1 Ne5 36. d6 Ke8 37. f4 Kd7 38. fxe5 fxe5 39. Rxe5 g6 40. Re7+ Kd8 41. Bb6+ Kc8 42. d7+ Kb7 43. d8=Q+ Kc6 44. Rd7 g5 45. Qc7# 1-0

[Event "NAYCC U10"]
[Site "Toronto CAN"]
[Date "2013.08.17"]
[Round "6"]
[White "Atchuthananthan, Arun"]
[Black "Yu, Ryan"]
[Result "1/2-1/2"]
[WhiteElo "1032"]
[BlackElo "802"]
[PlyCount "88"]
[GameId "2160767909258852"]
[EventDate "2013.08.14"]
[EventType "swiss"]
[EventRounds "9"]
[EventCountry "CAN"]
[SourceTitle "EXT 2022"]
[Source "ChessBase"]
[SourceDate "2021.10.06"]
[SourceVersion "1"]
[SourceVersionDate "2021.10.06"]
[SourceQuality "1"]

1. e4 e5 2. Nf3 Nc6 3. Bb5 Nd4 4. Nxd4 exd4 5. b3 c6 6. Be2 Nf6 7. d3 h6 8. Bb2 Ke7 9. Bxd4 Ke8 10. Bxf6 Qxf6 11. Nd2 Bc5 12. O-O Bb6 13. Nc4 Bc7 14. g3 d6 15. Bg4 b5 16. Ne3 Bb6 17. Bxc8 Bxe3 18. fxe3 Qg5 19. Bg4 Qxe3+ 20. Kh1 h5 21. Bxh5 Qh6 22. g4 g6 23. Rf2 gxh5 24. gxh5 Qe3 25. Qf3 Qxf3+ 26. Rxf3 Rxh5 27. Raf1 Rh7 28. h3 Ke7 29. R1f2 Rg8 30. Rg2 Rxg2 31. Kxg2 a5 32. a4 b4 33. Rf5 c5 34. Kg3 Ke6 35. Kg4 Rg7+ 36. Rg5 Rxg5+ 37. Kxg5 f6+ 38. Kg6 Ke5 39. h4 Kf4 40. h5 Ke3 41. h6 Kd2 42. Kxf6 Kxc2 43. h7 Kxb3 44. h8=Q Kxa4 1/2-1/2

[Event "NAYCC U10"]
[Site "Toronto CAN"]
[Date "2013.08.17"]
[Round "6"]
[White "Baradaran, Arman"]
[Black "Huang, Qiuyu"]
[Result "1-0"]
[WhiteElo "1832"]
[BlackElo "1512"]
[PlyCount "143"]
[GameId "2160767909258853"]
[EventDate "2013.08.14"]
[EventType "swiss"]
[EventRounds "9"]
[EventCountry "CAN"]
[SourceTitle "EXT 2022"]
[Source "ChessBase"]
[SourceDate "2021.10.06"]
[SourceVersion "1"]
[SourceVersionDate "2021.10.06"]
[SourceQuality "1"]

1. e4 c5 2. c3 d5 3. exd5 Qxd5 4. d4 Nc6 5. Be3 cxd4 6. cxd4 e6 7. Nc3 Bb4 8. a3 Bxc3+ 9. bxc3 Nf6 10. Nf3 O-O 11. Bd3 e5 12. Be2 Qe4 13. O-O Ng4 14. Bd3 Qd5 15. c4 Qd8 16. d5 Ne7 17. h3 Nxe3 18. fxe3 Qb6 19. Qe2 Qd6 20. Qb2 f6 21. Qb4 Qd8 22. Rad1 Bf5 23. Bxf5 Nxf5 24. Rfe1 Qd7 25. e4 Nd6 26. c5 a5 27. Qb3 Nf7 28. Rb1 Nd8 29. Nh4 g6 30. Nf3 Kh8 31. Qb5 Qg7 32. Qc4 Qd7 33. Rb6 Rc8 34. Qb5 Qc7 35. Rc1 f5 36. Qb2 Re8 37. exf5 gxf5 38. Rf6 f4 39. Rxf4 Qg7 40. Re4 h6 41. Nxe5 Kh7 42. Qc2 Kh8 43. Qe2 Rg8 44. Rg4 Qh7 45. Rxg8+ Qxg8 46. Qg4 Qxg4 47. Nxg4 Nf7 48. c6 bxc6 49. Rxc6 Rd8 50. Nxh6 Nxh6 51. Rxh6+ Kg7 52. Rh5 Kg6 53. g4 a4 54. Kf2 Rd6 55. Ke3 Rb6 56. d6 Rxd6 57. Ra5 Rf6 58. Rxa4 Kg5 59. Ra5+ Kh4 60. Rh5+ Kg3 61. Ke4 Ra6 62. g5 Rxa3 63. Kf5 Ra5+ 64. Kg6 Ra6+ 65. Kh7 Ra7+ 66. Kh6 Kf4 67. g6 Ra6 68. Kh7 Kg3 69. g7 Ra7 70. Kh8 Ra8+ 71. g8=Q+ Rxg8+ 72. Kxg8 1-0

[Event "NAYCC U10"]
[Site "Toronto CAN"]
[Date "2013.08.17"]
[Round "6"]
[White "Chan, Eric"]
[Black "Pan, David"]
[Result "1/2-1/2"]
[WhiteElo "1571"]
[BlackElo "1663"]
[PlyCount "125"]
[GameId "2160767909258855"]
[EventDate "2013.08.14"]
[EventType "swiss"]
[EventRounds "9"]
[EventCountry "CAN"]
[SourceTitle "EXT 2022"]
[Source "ChessBase"]
[SourceDate "2021.10.06"]
[SourceVersion "1"]
[SourceVersionDate "2021.10.06"]
[SourceQuality "1"]

1. e4 c6 2. d4 d5 3. exd5 cxd5 4. c4 Nf6 5. Nc3 e6 6. Nf3 Nc6 7. cxd5 Nxd5 8. a3 Be7 9. Bd3 O-O 10. O-O b6 11. Re1 Bb7 12. Bb1 Nf6 13. b4 Rc8 14. Qd3 Nb8 15. Ne5 Qc7 16. Bb2 Ba6 17. b5 Bb7 18. Ba2 Nd5 19. Nxd5 Bxd5 20. Bxd5 exd5 21. Rac1 Qd6 22. Rxc8 Rxc8 23. Qf3 f6 24. Qf5 Rd8 25. Nd3 Qd7 26. Qe6+ Qxe6 27. Rxe6 Kf7 28. Re1 Rc8 29. Nf4 Rd8 30. Rc1 g5 31. Ne2 Bd6 32. Nc3 Bf4 33. Rc2 Ke6 34. g3 Bd6 35. Re2+ Kf7 36. Nxd5 Bxg3 37. Re7+ Kf8 38. hxg3 Rxd5 39. Rxh7 Rxb5 40. Rh8+ Kg7 41. Rxb8 Rxb2 42. Rb7+ Kg6 43. Rxa7 Rd2 44. Rb7 Rxd4 45. Rxb6 Rd1+ 46. Kg2 Ra1 47. Ra6 Ra2 48. Ra8 Kg7 49. a4 Kh7 50. a5 Kg7 51. a6 Kh7 52. a7 Kg7 53. g4 Ra3 54. f3 Ra2+ 55. Kg3 Ra4 56. Kf2 Ra2+ 57. Ke1 Ra1+ 58. Kd2 Ra2+ 59. Kc1 Ra1+ 60. Kb2 Ra6 61. Kb3 Ra1 62. Kb2 Ra6 63. Kb3 1/2-1/2

[Event "NAYCC U10"]
[Site "Toronto CAN"]
[Date "2013.08.17"]
[Round "6"]
[White "Demers, Alexis"]
[Black "Feng, Richard"]
[Result "0-1"]
[WhiteElo "1181"]
[BlackElo "1534"]
[PlyCount "68"]
[GameId "2160767909258856"]
[EventDate "2013.08.14"]
[EventType "swiss"]
[EventRounds "9"]
[EventCountry "CAN"]
[SourceTitle "EXT 2022"]
[Source "ChessBase"]
[SourceDate "2021.10.06"]
[SourceVersion "1"]
[SourceVersionDate "2021.10.06"]
[SourceQuality "1"]

1. d4 f5 2. c4 Nf6 3. Nc3 e6 4. e3 c6 5. Bd3 d5 6. Nf3 Be7 7. O-O O-O 8. Ne5 Nbd7 9. f4 c5 10. a3 Qb6 11. dxc5 Bxc5 12. Qe2 Nxe5 13. fxe5 Nd7 14. cxd5 Nxe5 15. Na4 Qd6 16. Nxc5 Qxc5 17. dxe6 Bxe6 18. Bd2 Qd5 19. Bc2 Rad8 20. Rad1 Qc4 21. Qxc4 Bxc4 22. Rxf5 Rxf5 23. Bxf5 Bb3 24. Rf1 Rxd2 25. h3 Rxb2 26. a4 g6 27. Bc8 Bxa4 28. Rf4 Bc6 29. Rd4 Rxg2+ 30. Kf1 Kg7 31. e4 Ra2 32. Be6 Bb5+ 33. Ke1 Nf3+ 34. Kd1 Ra1+ 0-1

[Event "NAYCC U10"]
[Site "Toronto CAN"]
[Date "2013.08.17"]
[Round "6"]
[White "Frutos, Cole N"]
[Black "Guo, Thomas"]
[Result "0-1"]
[WhiteElo "1721"]
[BlackElo "1629"]
[PlyCount "86"]
[GameId "2160767909258857"]
[EventDate "2013.08.14"]
[EventType "swiss"]
[EventRounds "9"]
[EventCountry "CAN"]
[SourceTitle "EXT 2022"]
[Source "ChessBase"]
[SourceDate "2021.10.06"]
[SourceVersion "1"]
[SourceVersionDate "2021.10.06"]
[SourceQuality "1"]

1. e4 e6 2. d4 d5 3. exd5 exd5 4. Bd3 Nc6 5. Ne2 Bd6 6. c3 Be6 7. Qc2 Nge7 8. Be3 Qd7 9. b4 a6 10. a4 Ng6 11. f4 f5 12. O-O O-O 13. Nd2 Nd8 14. Nf3 Nf7 15. Ne5 Qd8 16. Ng3 Nh6 17. Rab1 Kh8 18. Rbe1 Qe7 19. Bc1 Rae8 20. Nh1 Qd8 21. Re2 Qe7 22. Rfe1 Bxe5 23. fxe5 Rf7 24. Nf2 Ref8 25. Nh3 f4 26. Bxg6 hxg6 27. Qxg6 Rf5 28. Rf2 Bf7 29. Nxf4 Rxf4 30. Qg3 Rxf2 31. Qxf2 Bg6 32. Qg3 Be4 33. Bg5 Qe6 34. Qe3 Qg4 35. Qd2 Kg8 36. Re2 Qf5 37. Re1 Ng4 38. Bh4 Qg6 39. Bg3 c6 40. Kh1 Nf2+ 41. Kg1 Nd3 42. Rd1 Rf2 43. Qxd3 Rxg2+ 0-1

[Event "NAYCC U10"]
[Site "Toronto CAN"]
[Date "2013.08.17"]
[Round "6"]
[White "Hawthorn, Charles"]
[Black "Sivapathasundaram, Manojh"]
[Result "1/2-1/2"]
[WhiteElo "1862"]
[BlackElo "1253"]
[PlyCount "46"]
[GameId "2160767909258858"]
[EventDate "2013.08.14"]
[EventType "swiss"]
[EventRounds "9"]
[EventCountry "CAN"]
[SourceTitle "EXT 2022"]
[Source "ChessBase"]
[SourceDate "2021.10.06"]
[SourceVersion "1"]
[SourceVersionDate "2021.10.06"]
[SourceQuality "1"]

1. d4 Nf6 2. c4 g6 3. Nc3 Bg7 4. e4 d6 5. Nf3 O-O 6. Be2 Bg4 7. Be3 Nbd7 8. O-O c5 9. Ne1 Bxe2 10. Qxe2 b6 11. Nc2 a6 12. Rab1 Qc7 13. h3 Rfe8 14. Rfc1 Rad8 15. a3 Qb7 16. Qf3 Qc7 17. b3 h6 18. a4 Kh7 19. g4 g5 20. Qg2 Nf8 21. Ne2 Ng6 22. Ng3 Nh4 23. Qh1 e6 1/2-1/2

[Event "NAYCC U10"]
[Site "Toronto CAN"]
[Date "2013.08.17"]
[Round "6"]
[White "He, Oliver"]
[Black "Hung, Justin"]
[Result "1-0"]
[WhiteElo "799"]
[BlackElo "1179"]
[PlyCount "81"]
[GameId "2160767909258859"]
[EventDate "2013.08.14"]
[EventType "swiss"]
[EventRounds "9"]
[EventCountry "CAN"]
[SourceTitle "EXT 2022"]
[Source "ChessBase"]
[SourceDate "2021.10.06"]
[SourceVersion "1"]
[SourceVersionDate "2021.10.06"]
[SourceQuality "1"]

1. e4 e5 2. Nf3 Nc6 3. Bc4 Nf6 4. Nc3 Nxe4 5. Nxe4 d5 6. Bd3 dxe4 7. Bxe4 Bc5 8. O-O O-O 9. Re1 Bg4 10. c3 a5 11. Qc2 g6 12. d3 Re8 13. Be3 Bxe3 14. fxe3 Bxf3 15. Bxf3 b5 16. Bxc6 Ra6 17. Bxe8 Qxe8 18. a4 bxa4 19. Qxa4 Qd8 20. Qb5 Rb6 21. Qxe5 Rxb2 22. Rxa5 Rb8 23. Rd5 Qf8 24. Qxc7 Rc8 25. Qa5 Ra8 26. Qb4 Qe8 27. c4 Rb8 28. Rb5 Rd8 29. d4 Rc8 30. c5 Qd7 31. e4 Re8 32. e5 Rf8 33. Qc4 Re8 34. c6 Qc7 35. Rb7 Qa5 36. c7 Qxe1+ 37. Qf1 Qe3+ 38. Qf2 Qc3 39. c8=Q Qxc8 40. Qxf7+ Kh8 41. Qg7# 1-0

[Event "NAYCC U10"]
[Site "Toronto CAN"]
[Date "2013.08.17"]
[Round "6"]
[White "Landa, Tamir"]
[Black "Ekzhanov, Sergey"]
[Result "1-0"]
[WhiteElo "833"]
[BlackElo "964"]
[PlyCount "77"]
[GameId "2160767909258861"]
[EventDate "2013.08.14"]
[EventType "swiss"]
[EventRounds "9"]
[EventCountry "CAN"]
[SourceTitle "EXT 2022"]
[Source "ChessBase"]
[SourceDate "2021.10.06"]
[SourceVersion "1"]
[SourceVersionDate "2021.10.06"]
[SourceQuality "1"]

1. c4 e5 2. Nc3 Nf6 3. g3 d5 4. cxd5 Nxd5 5. Bg2 Be6 6. d3 Bb4 7. Bd2 O-O 8. Nf3 Nc6 9. O-O Qd7 10. Ng5 f6 11. Nxe6 Qxe6 12. Nxd5 Qd6 13. Bxb4 Nxb4 14. Nxb4 Qxb4 15. Qb3+ Qxb3 16. axb3 c6 17. Rab1 a5 18. Rfc1 Ra6 19. Rc3 a4 20. bxa4 Rxa4 21. b4 Rc8 22. b5 Ra2 23. Bf3 Rca8 24. bxc6 bxc6 25. Rxc6 h6 26. Bd5+ Kh7 27. Bxa2 Rxa2 28. Rbc1 f5 29. Kg2 h5 30. R6c5 e4 31. dxe4 fxe4 32. Rxh5+ Kg6 33. Rh4 Ra4 34. e3 Kf5 35. Rd1 g5 36. Rh8 Kg4 37. Rd4 Rxd4 38. exd4 Kf5 39. Re8 1-0

[Event "NAYCC U10"]
[Site "Toronto CAN"]
[Date "2013.08.17"]
[Round "6"]
[White "Levkov, Daniel"]
[Black "Wong, Anthony G"]
[Result "1-0"]
[WhiteElo "1867"]
[BlackElo "1482"]
[PlyCount "87"]
[GameId "2160767909258862"]
[EventDate "2013.08.14"]
[EventType "swiss"]
[EventRounds "9"]
[EventCountry "CAN"]
[SourceTitle "EXT 2022"]
[Source "ChessBase"]
[SourceDate "2021.10.06"]
[SourceVersion "1"]
[SourceVersionDate "2021.10.06"]
[SourceQuality "1"]

1. e4 e6 2. d4 d5 3. Nd2 Nf6 4. e5 Nfd7 5. Bd3 c5 6. c3 Qb6 7. Ne2 Nc6 8. Nf3 Be7 9. O-O f6 10. exf6 Nxf6 11. Ng3 O-O 12. Re1 Nd8 13. Rb1 Bd7 14. Ne5 Bc8 15. Nh5 Nf7 16. Nxf6+ Bxf6 17. Qh5 h6 18. Qg6 Nxe5 19. dxe5 Bg5 20. Qh7+ Kf7 21. Bg6+ Ke7 22. Qxg7+ Kd8 23. Qxf8+ Kc7 24. Bxg5 hxg5 25. Qd6+ Qxd6 26. exd6+ Kxd6 27. Re3 Bd7 28. Rg3 Rg8 29. Bd3 c4 30. Bc2 b5 31. h4 a5 32. a3 Kc5 33. Rxg5 Rh8 34. h5 b4 35. axb4+ axb4 36. cxb4+ Kxb4 37. Rg7 Bc6 38. Rh7 Rc8 39. h6 e5 40. Rg7 e4 41. h7 d4 42. Rg8 Rxg8 43. hxg8=Q c3 44. Qb3+ 1-0

[Event "NAYCC U10"]
[Site "Toronto CAN"]
[Date "2013.08.17"]
[Round "6"]
[White "Lin, Benjamin1"]
[Black "Zheng, Victor"]
[Result "1-0"]
[WhiteElo "1500"]
[BlackElo "1016"]
[PlyCount "107"]
[GameId "2160767909258863"]
[EventDate "2013.08.14"]
[EventType "swiss"]
[EventRounds "9"]
[EventCountry "CAN"]
[SourceTitle "EXT 2022"]
[Source "ChessBase"]
[SourceDate "2021.10.06"]
[SourceVersion "1"]
[SourceVersionDate "2021.10.06"]
[SourceQuality "1"]

1. c4 e5 2. g3 Nc6 3. Bg2 g6 4. Nc3 Nf6 5. d3 Bg7 6. Nf3 d6 7. O-O O-O 8. Bd2 h6 9. Qc1 Kh7 10. a3 Re8 11. Rb1 d5 12. cxd5 Nd4 13. Nxd4 exd4 14. Nb5 Rb8 15. Re1 Bf5 16. Qxc7 Nxd5 17. Qxd8 Rbxd8 18. Bxd5 Rxd5 19. Nc7 Rdd8 20. Nxe8 Rxe8 21. e4 dxe3 22. Rxe3 Rxe3 23. Bxe3 Bxd3 24. Rd1 Bc4 25. Bd4 Bxd4 26. Rxd4 Be6 27. Kg2 Kg7 28. Kf3 f5 29. h4 Kf6 30. Ke3 a6 31. Rd6 Ke5 32. Rb6 g5 33. hxg5 hxg5 34. f4+ Kf6 35. fxg5+ Ke5 36. Rxb7 Bc8 37. Re7+ Be6 38. g6 Kf6 39. Rxe6+ Kxe6 40. Kf4 Kf6 41. g7 Kxg7 42. Kxf5 Kf7 43. g4 Kg7 44. g5 Kf7 45. g6+ Kg8 46. Kf6 a5 47. b4 axb4 48. axb4 Kf8 49. b5 Kg8 50. g7 Kh7 51. Kf7 Kh6 52. g8=Q Kh5 53. Qg3 Kh6 54. Qg6# 1-0